<?xml version="1.0" encoding="UTF-8"?>
<collection xmlns="http://www.loc.gov/MARC21/slim">
  <record>
    <leader>00000nam  2200000   4500</leader>
    <controlfield tag="001">INLIS000000000000702</controlfield>
    <controlfield tag="005">20180724135832</controlfield>
    <controlfield tag="008">180724|||||||||   |   |||   |||| ||   | </controlfield>
    <datafield tag="035" ind1=" " ind2=" ">
      <subfield code="0">010-0718000702</subfield>
    </datafield>
    <datafield tag="041" ind1=" " ind2=" ">
      <subfield code="a">id</subfield>
    </datafield>
    <datafield tag="082" ind1=" " ind2=" ">
      <subfield code="a">022</subfield>
    </datafield>
    <datafield tag="090" ind1=" " ind2=" ">
      <subfield code="a">R 022 PIM I 2015</subfield>
    </datafield>
    <datafield tag="100" ind1=" " ind2=" ">
      <subfield code="a">Wahyudi, Iman Teguh</subfield>
    </datafield>
    <datafield tag="245" ind1=" " ind2=" ">
      <subfield code="a">Pemanfaatan Teknologi Informasi Dalam Mendorong Kesadaran Publik Untuk Rehabilitasi Narkoba</subfield>
    </datafield>
    <datafield tag="260" ind1=" " ind2=" ">
      <subfield code="a">Jakarta</subfield>
      <subfield code="b">LAN Jakarta</subfield>
      <subfield code="c">2015</subfield>
    </datafield>
    <datafield tag="300" ind1=" " ind2=" ">
      <subfield code="a">32 hlm, lamp.</subfield>
    </datafield>
    <datafield tag="500" ind1=" " ind2=" ">
      <subfield code="a">Untuk mengatasi hambatan-hambatan tentang penyebaran informasi rehabilitasi narkoba maka perlu dilakukan terobosan yang mampu memberikan pencerahan kepada masyarakat dan para penyalahguna narkoba untuk direhabilitasi. Salah satu cara yang digunakan adalah dengan menyebarluaskan informasi rehabilitasi narkoba melalui SMS Broadcasting dan pembuatan website khusus yang terkait rehabilitasi narkoba.</subfield>
    </datafield>
    <datafield tag="650" ind1=" " ind2=" ">
      <subfield code="a">Narkoba</subfield>
    </datafield>
  </record>
</collection>
